000 00716nam a22002057a 4500
003 OSt
005 20251010050504.0
008 251010b |||||||| |||| 00| 0 eng d
020 _a978-0-7656-3797-0
040 _aDWC-Main Lib.
_cOC
100 _aRYU, JAY EUNGHA
245 _aThe public budgeting and finance primer :
_bkey concepts in fiscal choice/
_cRYU, JAY EUNGHA
260 _aNew York :
_bM.E. Sharpe,
_cc2014.
300 _axvii, 315 pages ;
_c24 cm.
504 _aIncludes bibliographical references.
650 _a1. Budget--United States.
650 _a2. Budget process--United States.
650 _a3. United States--Appropriations and expenditures.
942 _2ddc
_cBK-CIRC
_hCirc.
_n0
999 _c4821
_d4821